Movies Quiz

Random Movies or Oscar Quiz

Best Picture Oscar Winners (1928-1969) Quiz Stats

 Plays Quiz Updated Oct 18, 2018

Score 0/42 Timer 08:00
15 Plays Today
Year Movie Title % Correct
1939Gone with the Wind
88.8%
1943Casablanca
83%
1927-1928Wings
75.4%
1965The Sound of Music
74.2%
1959Ben-Hur
72.1%
1961West Side Story
68.2%
1969Midnight Cowboy
68.1%
1954On the Waterfront
67.6%
1934It Happened One Night
66.5%
1968Oliver!
64.9%
1962Lawrence of Arabia
64.6%
1964My Fair Lady
64.3%
1950All About Eve
63.8%
1929-1930All Quiet on the Western Front
63.1%
1960The Apartment
62.9%
1955Marty
62%
1957The Bridge on the River Kwai
62%
1940Rebecca
61.3%
1958Gigi
59.8%
1967In the Heat of the Night
59.5%
1948Hamlet
59.5%
Year Movie Title % Correct
1941How Green Was My Valley
59%
1930-1931Cimarron
58.7%
1946The Best Years of Our Lives
57.3%
1931-1932Grand Hotel
56.5%
1942Mrs. Miniver
56.3%
1953From Here to Eternity
56%
1952The Greatest Show on Earth
55.9%
1956Around the World in Eighty Days
52.7%
1928-1929The Broadway Melody
52.4%
1932-1933Cavalcade
52.1%
1951An American in Paris
51.6%
1966A Man for All Seasons
51.3%
1963Tom Jones
50.7%
1949All the King's Men
50.1%
1935Mutiny on the Bounty
49.6%
1945The Lost Weekend
49.4%
1937The Life of Emile Zola
49.4%
1936The Great Ziegfeld
49.2%
1944Going My Way
48.1%
1947Gentleman's Agreement
48.1%
1938You Can't Take It with You
47.2%

You're not logged in!

Compare scores with friends on all Sporcle quizzes.
OR
Log In

Sporcle TV

Today on Sporcle TV


Watch our educational content, quiz creation guides, and fun videos on Sporcle TV.

Show Comments

Extras

Top Quizzes Today


Score Distribution

Your Account Isn't Verified!

In order to create a playlist on Sporcle, you need to verify the email address you used during registration. Go to your Sporcle Settings to finish the process.

Report this User

Report this user for behavior that violates our Community Guidelines.

Details: